[Event "Lisbon Portugal rapid 2op"]
[Site "Lisbon"]
[Date "2020.02.02"]
[Round "6"]
[White "Fernandes, Alberto Manuel"]
[Black "Antonio, Luis Filipe Alves"]
[Result "1-0"]
[WhiteElo "2095"]
[BlackElo "1840"]
[PlyCount "29"]
[EventDate "2020.01.02"]
[EventType "swiss (rapid)"]
[EventRounds "8"]
[EventCountry "POR"]
[SourceTitle "CBM 194 Extra"]
[Source "ChessBase"]
[SourceDate "2020.03.31"]
[SourceVersion "1"]
[SourceVersionDate "2020.03.31"]
[SourceQuality "1"]

1. e4 c5 2. Nf3 Nc6 3. d4 cxd4 4. Nxd4 g6 5. Nc3 Bg7 6. Be3 Nf6 7. Bc4 Qa5 8. Qd2 0-0 9. f3 Qb4 10. Nxc6 dxc6 11. Bb3 e5 12. 0-0-0 a5 13. a3 Qe7 14. Qd6 Bd7 15. Qxe7 1-0

[Event "Lisbon Portugal rapid op"]
[Site "Lisbon"]
[Date "2019.02.10"]
[Round "5"]
[White "Antonio, Luis Filipe Alves"]
[Black "Gu, Xiaobing"]
[Result "0-1"]
[WhiteElo "1826"]
[BlackElo "2326"]
[PlyCount "72"]
[EventDate "2019.02.10"]
[EventType "swiss (rapid)"]
[EventRounds "8"]
[EventCountry "POR"]
[SourceTitle "CBM 188 Extra"]
[Source "ChessBase"]
[SourceDate "2019.02.28"]
[SourceVersion "1"]
[SourceVersionDate "2019.02.28"]
[SourceQuality "1"]

1. e4 c5 2. c3 Nf6 3. e5 Nd5 4. d4 cxd4 5. cxd4 Nc6 6. Nc3 Nxc3 7. bxc3 d6 8. exd6 Qxd6 9. Nf3 Bg4 10. Be2 e6 11. a4 Qc7 12. 0-0 Rc8 13. Bd2 Bd6 14. h3 Bh5 15. Ne1 Bg6 16. Bd3 0-0 17. Bxg6 hxg6 18. Qf3 Na5 19. Rb1 b6 20. Nc2 Qc4 21. Nb4 Nb3 22. Be1 Bxb4 23. cxb4 Nxd4 24. Qb7 Ne2+ 25. Kh1 Ng3+ 26. fxg3 Qxf1+ 27. Kh2 Rc2 28. a5 Re2 29. axb6 axb6 30. Qc6 Kh7 31. b5 Rd8 32. g4 Rd5 33. Bf2 Qxb1 34. Qc7 Rxf2 35. Qg3 Qf1 36. h4 Rd1 0-1

[Event "Lisbon Portugal rapid op"]
[Site "Lisbon"]
[Date "2018.02.10"]
[Round "1"]
[White "Antonio, Luis Filipe Alves"]
[Black "Nevednichy, Vladislav"]
[Result "0-1"]
[WhiteElo "1827"]
[BlackElo "2551"]
[PlyCount "78"]
[EventDate "2018.02.10"]
[EventType "swiss (rapid)"]
[EventRounds "8"]
[EventCountry "POR"]
[SourceTitle "CBM 182 Extra"]
[Source "ChessBase"]
[SourceDate "2018.02.23"]
[SourceVersion "1"]
[SourceVersionDate "2018.02.23"]
[SourceQuality "1"]

1. e4 c5 2. c3 d5 3. exd5 Qxd5 4. d4 g6 5. Nf3 Bg7 6. Be3 cxd4 7. Bxd4 Nf6 8. Be2 Nc6 9. 0-0 Nxd4 10. Qxd4 0-0 11. Qxd5 Nxd5 12. Na3 Nf4 13. Bc4 Bg4 14. Nd2 a6 15. Rfe1 Rfd8 16. Nb3 b5 17. Bf1 b4 18. Rac1 bxa3 19. bxa3 e5 20. f3 Bf5 21. Nc5 a5 22. g3 Nd3 23. Nxd3 Bxd3 24. Bg2 Rac8 25. Re3 Bf8 26. Rxe5 Bxa3 27. Rd1 Rc5 28. Rxc5 Bxc5+ 29. Kh1 Rd6 30. h4 Bc4 31. Re1 Bxa2 32. Re8+ Kg7 33. Ra8 Bb6 34. Ra6 Bc4 35. Ra8 h5 36. Kh2 Bb3 37. f4 a4 38. Kh3 Bg1 39. g4 Rd3+ 0-1

[Event "POR-chT"]
[Site "Porto"]
[Date "2016.08.20"]
[Round "9.17"]
[White "Antonio, Luis Filipe Alves"]
[Black "Del Rey, Diego"]
[Result "0-1"]
[WhiteElo "1841"]
[BlackElo "2377"]
[PlyCount "74"]
[EventDate "2016.08.14"]
[EventType "team-tourn"]
[EventRounds "9"]
[EventCountry "POR"]
[SourceTitle "CBM 173 Extra"]
[Source "ChessBase"]
[SourceDate "2016.08.29"]
[SourceVersion "1"]
[SourceVersionDate "2016.08.29"]
[SourceQuality "1"]
[WhiteTeam "Casa do Xadrez"]
[BlackTeam "Barreirense"]
[WhiteTeamCountry "POR"]
[BlackTeamCountry "POR"]

1. e4 c5 2. g3 e6 3. Bg2 d5 4. Nc3 Nf6 5. d3 Be7 6. exd5 exd5 7. Nf3 0-0 8. 0-0 d4 9. Ne2 Nc6 10. Bg5 h6 11. Bf4 Nd5 12. Bd2 Bg4 13. h3 Be6 14. Nf4 Nxf4 15. Bxf4 Qd7 16. Kh2 Bd5 17. Re1 Bf6 18. Qc1 Rfe8 19. a3 Rxe1 20. Qxe1 Qf5 21. Qe2 Ne7 22. Re1 Ng6 23. Bd2 Bc6 24. Ng1 Bxg2 25. Kxg2 c4 26. Nf3 Rc8 27. Rc1 Qb5 28. Rb1 cxd3 29. Qxd3 Qc6 30. Rc1 Ne5 31. Qe2 Qd5 32. Bf4 Nc4 33. Rb1 g5 34. Bd2 Ne5 35. g4 Rxc2 36. Rd1 Rxb2 37. Kg3 Rb3 0-1

[Event "POR-chT"]
[Site "Porto"]
[Date "2016.08.19"]
[Round "8.1"]
[White "Santos Latasa, Jaime"]
[Black "Antonio, Luis Filipe Alves"]
[Result "1-0"]
[WhiteElo "2545"]
[BlackElo "1841"]
[PlyCount "81"]
[EventDate "2016.08.14"]
[EventType "team-tourn"]
[EventRounds "9"]
[EventCountry "POR"]
[SourceTitle "CBM 173 Extra"]
[Source "ChessBase"]
[SourceDate "2016.08.29"]
[SourceVersion "1"]
[SourceVersionDate "2016.08.29"]
[SourceQuality "1"]
[WhiteTeam "Porto"]
[BlackTeam "Casa do Xadrez"]
[WhiteTeamCountry "POR"]
[BlackTeamCountry "POR"]

1. Nf3 Nf6 2. c4 e6 3. g3 Be7 4. Bg2 d5 5. 0-0 0-0 6. b3 c6 7. Bb2 Nbd7 8. Nc3 Re8 9. Qc2 Nf8 10. d4 h6 11. Rfd1 Bd6 12. e4 dxe4 13. Nxe4 Nxe4 14. Qxe4 Qe7 15. a3 Bd7 16. Re1 Rad8 17. Qc2 Bc8 18. Bc3 Qc7 19. Qb2 Ng6 20. h4 Bf8 21. Rac1 Ne7 22. a4 b6 23. b4 Bb7 24. Bd2 Qb8 25. Ne5 Qa8 26. c5 bxc5 27. dxc5 Nd5 28. Nc4 Rd7 29. Be4 Rb8 30. Na5 Rbd8 31. Bc3 Qc8 32. Bb1 Nxc3 33. Qxc3 Rd2 34. Nb3 R2d7 35. Qc2 g6 36. h5 Ba6 37. hxg6 Bd3 38. gxf7+ Rxf7 39. Qa2 Bg7 40. Red1 Bd4 41. Nxd4 1-0

[Event "POR-chT"]
[Site "Porto"]
[Date "2016.08.18"]
[Round "7.17"]
[White "Silva, Luis Neves Da"]
[Black "Antonio, Luis Filipe Alves"]
[Result "1-0"]
[WhiteElo "2276"]
[BlackElo "1841"]
[PlyCount "109"]
[EventDate "2016.08.14"]
[EventType "team-tourn"]
[EventRounds "9"]
[EventCountry "POR"]
[SourceTitle "CBM 173 Extra"]
[Source "ChessBase"]
[SourceDate "2016.08.29"]
[SourceVersion "1"]
[SourceVersionDate "2016.08.29"]
[SourceQuality "1"]
[WhiteTeam "Didaxis"]
[BlackTeam "Casa do Xadrez"]
[WhiteTeamCountry "POR"]
[BlackTeamCountry "POR"]

1. Nf3 e6 2. c4 c5 3. Nc3 Nf6 4. g3 Nc6 5. Bg2 Be7 6. 0-0 0-0 7. d4 d5 8. cxd5 Nxd5 9. Nxd5 Qxd5 10. Be3 Qh5 11. dxc5 Rd8 12. Qc2 e5 13. Rad1 Bh3 14. Bxh3 Qxh3 15. Qb3 Qc8 16. Rxd8+ Bxd8 17. Rd1 Be7 18. a3 h6 19. Qc4 Qc7 20. b4 a6 21. Bc1 Rd8 22. Rd5 Kf8 23. Bb2 Bf6 24. Nd2 Ke8 25. Ne4 Be7 26. e3 Rxd5 27. Qxd5 Qd7 28. Qxd7+ Kxd7 29. Nd2 Ke6 30. Bc3 g6 31. e4 f5 32. f3 Na7 33. Nc4 Nc6 34. Kf1 fxe4 35. fxe4 Bg5 36. Ke2 Bd8 37. Kd3 Bc7 38. Ne3 Ne7 39. a4 b6 40. Kc4 bxc5 41. Kxc5 h5 42. Nc4 g5 43. Bd2 g4 44. Bg5 Nc8 45. Kc6 Nd6 46. Nd2 Nf7 47. Kxc7 Nxg5 48. b5 axb5 49. axb5 Nf3 50. b6 Nxd2 51. b7 Nxe4 52. b8Q Nf6 53. Qc8+ Ke7 54. Qf5 e4 55. Kc6 1-0

[Event "Lisbon Honra"]
[Site "Lisbon"]
[Date "2012.05.04"]
[Round "7"]
[White "Fanha, Paulo Alexandre Mar"]
[Black "Antonio, Luis Filipe Alves"]
[Result "1-0"]
[WhiteElo "1946"]
[BlackElo "1863"]
[PlyCount "73"]
[EventDate "2012.04.28"]
[EventType "tourn"]
[EventRounds "9"]
[EventCountry "POR"]
[SourceTitle "CBM 148 Extra"]
[Source "ChessBase"]
[SourceDate "2012.06.22"]
[SourceVersion "1"]
[SourceVersionDate "2012.06.22"]
[SourceQuality "1"]

1. Nf3 e6 2. c4 d5 3. cxd5 exd5 4. d4 Nf6 5. Nc3 c6 6. Bg5 Bf5 7. Qb3 Qb6 8. Qxb6 axb6 9. Bxf6 gxf6 10. Nh4 Bg6 11. f4 f5 12. g3 Nd7 13. Bh3 Bb4 14. Bxf5 Nf6 15. 0-0 0-0 16. Bxg6 hxg6 17. f5 Bxc3 18. bxc3 g5 19. Nf3 Ne4 20. f6 Rfe8 21. Ne5 Re6 22. Rf5 Rxf6 23. Raf1 Rxf5 24. Rxf5 f6 25. Nd7 Kg7 26. c4 dxc4 27. Nxb6 Rxa2 28. Nxc4 Rxe2 29. d5 b5 30. dxc6 bxc4 31. Rd5 c3 32. c7 c2 33. c8Q Re1+ 34. Kg2 c1Q 35. Rd7+ Kg6 36. Qg8+ Kf5 37. Rd5+ 1-0

[Event "Lisbon Honra"]
[Site "Lisbon"]
[Date "2012.05.03"]
[Round "6"]
[White "Antonio, Luis Filipe Alves"]
[Black "Silva, Miguel Antonio Neto"]
[Result "0-1"]
[WhiteElo "1863"]
[BlackElo "1992"]
[PlyCount "98"]
[EventDate "2012.04.28"]
[EventType "tourn"]
[EventRounds "9"]
[EventCountry "POR"]
[SourceTitle "CBM 148 Extra"]
[Source "ChessBase"]
[SourceDate "2012.06.22"]
[SourceVersion "1"]
[SourceVersionDate "2012.06.22"]
[SourceQuality "1"]

1. e4 c5 2. Nf3 d6 3. d4 cxd4 4. Nxd4 Nf6 5. Nc3 a6 6. Be2 e5 7. Nb3 Be7 8. Be3 Be6 9. f3 Nbd7 10. 0-0 0-0 11. Qd2 b5 12. a3 Nb6 13. Na5 Rc8 14. Rfd1 d5 15. exd5 Nbxd5 16. Nxd5 Nxd5 17. Bf2 Nf4 18. Bd3 Nxd3 19. cxd3 Qd5 20. b4 h6 21. Qe1 Rfd8 22. d4 Bf6 23. dxe5 Qxe5 24. Be3 Rxd1 25. Rxd1 Rc3 26. Bc1 Qxe1+ 27. Rxe1 Bd4+ 28. Kf1 Rc2 29. h3 Rf2+ 30. Kg1 Rxf3+ 31. Kh1 Rd3 32. Nc6 Bc3 33. Rg1 Kh7 34. Kh2 Bd5 35. Ne7 Be5+ 36. g3 Bb7 37. Nf5 Rf3 38. Nh4 Rf2+ 39. Ng2 Rc2 40. Bf4 Bxf4 41. gxf4 Kg6 42. Kg3 Bxg2 43. Rxg2 Rxg2+ 44. Kxg2 Kf5 45. Kf3 g5 46. fxg5 hxg5 47. Kg3 Ke4 48. Kg4 f5+ 49. Kxg5 f4 0-1

[Event "Lisbon Honra"]
[Site "Lisbon"]
[Date "2012.05.02"]
[Round "5"]
[White "Palmar, Nuno Alexandre"]
[Black "Antonio, Luis Filipe Alves"]
[Result "1-0"]
[WhiteElo "1941"]
[BlackElo "1863"]
[PlyCount "73"]
[EventDate "2012.04.28"]
[EventType "tourn"]
[EventRounds "9"]
[EventCountry "POR"]
[SourceTitle "CBM 148 Extra"]
[Source "ChessBase"]
[SourceDate "2012.06.22"]
[SourceVersion "1"]
[SourceVersionDate "2012.06.22"]
[SourceQuality "1"]

1. d4 e6 2. e3 d5 3. Bd3 Nf6 4. Nd2 Be7 5. Ngf3 b6 6. c3 0-0 7. Qe2 c6 8. 0-0 a5 9. Ne5 Nfd7 10. f4 f5 11. Ndf3 Nf6 12. b3 Ne4 13. Bb2 a4 14. Rac1 Bb7 15. c4 Bd6 16. Rc2 Nd7 17. cxd5 cxd5 18. Nxd7 Qxd7 19. Bb5 Qd8 20. bxa4 g5 21. Ne5 g4 22. g3 Bb4 23. Rfc1 Bd6 24. Qd3 h5 25. Ba3 h4 26. Bxd6 Qxd6 27. Rc7 Rfc8 28. Rxc8+ Rxc8 29. Rxc8+ Bxc8 30. Ba6 h3 31. Bxc8 Qc7 32. Bxe6+ Kg7 33. Qa3 Nc3 34. Bd7 Kg8 35. Qe7 Ne2+ 36. Kf2 Qc2 37. Qf7+ 1-0

[Event "Lisbon Honra"]
[Site "Lisbon"]
[Date "2012.05.01"]
[Round "4"]
[White "Antonio, Luis Filipe Alves"]
[Black "Esteves, Goncalo Maria Franc"]
[Result "1/2-1/2"]
[WhiteElo "1863"]
[BlackElo "1973"]
[PlyCount "82"]
[EventDate "2012.04.28"]
[EventType "tourn"]
[EventRounds "9"]
[EventCountry "POR"]
[SourceTitle "CBM 148 Extra"]
[Source "ChessBase"]
[SourceDate "2012.06.22"]
[SourceVersion "1"]
[SourceVersionDate "2012.06.22"]
[SourceQuality "1"]

1. e4 e5 2. Nf3 Nc6 3. Bb5 a6 4. Bxc6 dxc6 5. d4 exd4 6. Qxd4 Qxd4 7. Nxd4 Bd7 8. Be3 0-0-0 9. Nd2 Ne7 10. 0-0 c5 11. Ne2 Ng6 12. f3 Re8 13. Rfe1 Be7 14. Nf1 b6 15. c3 Bd8 16. Rad1 Ne5 17. b3 c4 18. Nc1 g5 19. Bd4 cxb3 20. axb3 f6 21. Nd3 Nc6 22. g4 h5 23. h3 hxg4 24. hxg4 Na5 25. Nd2 Rh6 26. Kg2 Reh8 27. Bg1 Nc6 28. Nc4 b5 29. Ne3 Be7 30. Nf5 Bxf5 31. exf5 Bd6 32. b4 Ne5 33. Nf2 Nc6 34. Ne4 Be5 35. Rd3 Rd8 36. Rxd8+ Nxd8 37. Ra1 Kb7 38. Nc5+ Kc6 39. Rxa6+ Kd5 40. Ne4 Nf7 41. Bf2 Nd6 1/2-1/2

[Event "POR-ch qual"]
[Site "Amadora"]
[Date "2011.09.10"]
[Round "8"]
[White "Antonio, Luis Filipe Alves"]
[Black "Santos, Isabel"]
[Result "1/2-1/2"]
[WhiteElo "1869"]
[BlackElo "1572"]
[PlyCount "109"]
[EventDate "2011.09.03"]
[EventType "swiss"]
[EventRounds "9"]
[EventCountry "POR"]
[SourceTitle "CBM 144 Extra"]
[Source "ChessBase"]
[SourceDate "2011.10.28"]
[SourceVersion "1"]
[SourceVersionDate "2011.10.28"]
[SourceQuality "1"]

1. e4 e5 2. Nf3 d6 3. d4 Nd7 4. dxe5 dxe5 5. Bc4 c6 6. c3 b5 7. Bb3 Be7 8. 0-0 Ngf6 9. Re1 0-0 10. Bg5 Qc7 11. Nbd2 h6 12. Bh4 Rd8 13. Qe2 Nc5 14. Bc2 Bg4 15. h3 Bh5 16. Qe3 Ne6 17. Nb3 a5 18. a4 Rd7 19. g4 Bg6 20. Nxe5 Qxe5 21. Bg3 Qg5 22. f4 Nxf4 23. Bxf4 Qh4 24. Kg2 Ne8 25. axb5 cxb5 26. Rxa5 Rxa5 27. Nxa5 b4 28. Nc6 bxc3 29. Nxe7+ Qxe7 30. bxc3 Nf6 31. Kf3 Qa3 32. Be5 Qb2 33. Qc1 Qb6 34. Qb1 Qe6 35. Bd4 h5 36. Qb8+ Kh7 37. Qf4 hxg4+ 38. hxg4 Rd8 39. Bxf6 Qxf6 40. Qxf6 gxf6 41. Ke3 Kh6 42. c4 Kg5 43. Bd1 Rc8 44. Be2 Re8 45. Rf1 Rxe4+ 46. Kf3 Rxg4 47. c5 Rf4+ 48. Ke3 Rxf1 49. Bxf1 Bf5 50. Ba6 Bd7 51. Bb7 Kg4 52. c6 Bxc6 53. Bxc6 f5 54. Kf2 f4 55. Bd7+ 1/2-1/2

[Event "POR-ch qual"]
[Site "Amadora"]
[Date "2011.09.03"]
[Round "1"]
[White "Ferreira, Beatriz Oliveira"]
[Black "Antonio, Luis Filipe Alves"]
[Result "0-1"]
[WhiteElo "1458"]
[BlackElo "1869"]
[PlyCount "64"]
[EventDate "2011.09.03"]
[EventType "swiss"]
[EventRounds "9"]
[EventCountry "POR"]
[SourceTitle "CBM 144 Extra"]
[Source "ChessBase"]
[SourceDate "2011.10.28"]
[SourceVersion "1"]
[SourceVersionDate "2011.10.28"]
[SourceQuality "1"]

1. e4 e6 2. d4 d5 3. Nd2 dxe4 4. Nxe4 Nd7 5. Nf3 Ngf6 6. Nxf6+ Nxf6 7. Bd3 b6 8. 0-0 Bb7 9. c3 Be7 10. Re1 0-0 11. Bg5 Nd5 12. Bxe7 Qxe7 13. Be4 c6 14. Ne5 Qg5 15. c4 Ne7 16. Qf3 Rac8 17. Qh3 h6 18. Re3 Nf5 19. Rae1 Nxd4 20. Nf3 Nxf3+ 21. Rxf3 f5 22. Bd3 c5 23. Rg3 Qd2 24. Rge3 Rcd8 25. Kf1 Rf6 26. R1e2 Qc1+ 27. Re1 Qxb2 28. Rxe6 Rff8 29. Bxf5 Bc8 30. Re8 Rdxe8 31. Rxe8 Rxe8 32. Bxc8 Qc1# 0-1

[Event "Lisbon Honra"]
[Site "Lisbon"]
[Date "2010.06.23"]
[Round "5"]
[White "Antonio, Luis Filipe Alves"]
[Black "Santos, Julio Fernandes"]
[Result "1-0"]
[WhiteElo "1772"]
[BlackElo "2025"]
[PlyCount "72"]
[EventDate "2010.06.19"]
[EventType "tourn"]
[EventRounds "9"]
[EventCountry "POR"]
[SourceTitle "EXT 2013"]
[Source "ChessBase"]
[SourceDate "2012.11.22"]
[SourceVersion "1"]
[SourceVersionDate "2012.11.22"]
[SourceQuality "1"]

1. e4 d6 2. d4 g6 3. f4 Bg7 4. Nf3 Nf6 5. Bd3 Nc6 6. c3 d5 7. e5 Ne4 8. Bxe4 dxe4 9. Ng5 Qd5 10. Qe2 Bf5 11. g4 h6 12. Nh3 Be6 13. Nf2 0-0-0 14. Rg1 f5 15. gxf5 Bxf5 16. Nd2 Nb8 17. Ndxe4 Nd7 18. Ng3 Be6 19. Qe4 Nf8 20. Qxd5 Bxd5 21. b3 h5 22. Nge4 Rg8 23. Ng5 b5 24. Ba3 e6 25. Bc5 a6 26. Nd3 Nd7 27. Bb4 Bf8 28. Bxf8 Rdxf8 29. Ke2 Kb7 30. Rac1 Kb6 31. c4 Ba8 32. Nxe6 Re8 33. c5+ Kb7 34. c6+ Kb6 35. cxd7 Rxe6 36. f5 Rh8 1-0